Reed's Vol. 3 : applied heat for engineering / (Record no. 3442)

000 -LEADER
fixed length control field 00435nam a22001577a 4500
008 - FIXED-LENGTH DATA ELEMENTS--GENERAL INFORMATION
fixed length control field 200615b ||||| |||| 00| 0 eng d
020 ## - INTERNATIONAL STANDARD BOOK NUMBER
International Standard Book Number 9780713667332
082 00 - DEWEY DECIMAL CLASSIFICATION NUMBER
Classification number 623.87
Item number E532
100 ## - MAIN ENTRY--PERSONAL NAME
9 (RLIN) 934
Personal name Embleton, William
245 10 - TITLE STATEMENT
Title Reed's Vol. 3 : applied heat for engineering /
250 ## - EDITION STATEMENT
Edition statement 4th ed.
260 ## - PUBLICATION, DISTRIBUTION, ETC. (IMPRINT)
Place of publication, distribution, etc London :
Name of publisher, distributor, etc Adlard Coles,
Date of publication, distribution, etc 2010.
300 ## - PHYSICAL DESCRIPTION
Extent 296 p.
650 #0 - SUBJECT ADDED ENTRY--TOPICAL TERM
Topical term or geographic name as entry element Heat Transmission
942 ## - ADDED ENTRY ELEMENTS (KOHA)
Item type Books
Holdings
Withdrawn status Lost status Source of classification or shelving scheme Damaged status Not for loan Permanent location Current location Date acquired Source of acquisition Full call number Barcode Date last seen Cost, replacement price Koha item type Total Checkouts Date last borrowed Total Renewals
          IMU Kolkata IMU Kolkata 2013-12-20 Shroff Publishers and Distributors 623.87 E532 11726 2020-06-15 1499.00 Books      
          IMU Kolkata IMU Kolkata 2013-12-20 Shroff Publishers and Distributors 623.87 E532 11727 2020-06-15 1499.00 Books      
          IMU Kolkata IMU Kolkata 2013-12-20 Shroff Publishers and Distributors 623.87 E532 11728 2020-06-15 1499.00 Books      
          IMU Kolkata IMU Kolkata 2013-12-20 Shroff Publishers and Distributors 623.87 E532 11729 2024-09-09 1499.00 Books 1 2024-08-23  
          IMU Kolkata IMU Kolkata 2013-12-20 Shroff Publishers and Distributors 623.87 E532 11730 2025-03-12 1499.00 Books 1 2025-01-28 2
Designed and Maintained by IMU-KC Library, Kolkata Campus © Copyright All Rights Reserved

webs counters

Powered by Koha